F1 Polesitters by First Pole Position - Statistics

General Stats
  • This quiz has been taken 23 times
  • The average score is 23 of 95
Answer Stats
Grand Prix Driver % Correct
1950 Monaco Grand Prix Juan Manuel Fangio
80%
1950 British Grand Prix Nino Farina
80%
2019 Bahrain Grand Prix Charles Leclerc
75%
2022 São Paulo Grand Prix Kevin Magnussen
75%
2021 Russian Grand Prix Lando Norris
75%
2022 British Grand Prix Carlos Sainz Jr.
70%
2022 Saudi Arabian Grand Prix Sergio Pérez
70%
2022 Hungarian Grand Prix George Russell
65%
2019 Hungarian Grand Prix Max Verstappen
65%
2017 Bahrain Grand Prix Valtteri Bottas
65%
2020 Turkish Grand Prix Lance Stroll
60%
2007 Canadian Grand Prix Lewis Hamilton
60%
2012 Spanish Grand Prix Pastor Maldonado
60%
2016 Monaco Grand Prix Daniel Ricciardo
55%
2003 Malaysian Grand Prix Fernando Alonso
50%
2009 German Grand Prix Mark Webber
50%
2012 Chinese Grand Prix Nico Rosberg
50%
2008 Italian Grand Prix Sebastian Vettel
50%
2006 Turkish Grand Prix Felipe Massa
45%
2003 European Grand Prix Kimi Räikkönen
45%
2010 Brazilian Grand Prix Nico Hülkenberg
45%
1994 Monaco Grand Prix Michael Schumacher
40%
2001 French Grand Prix Ralf Schumacher
40%
1951 German Grand Prix Alberto Ascari
35%
2004 Monaco Grand Prix Jarno Trulli
35%
2001 German Grand Prix Juan Pablo Montoya
35%
2008 Bahrain Grand Prix Robert Kubica
35%
1985 Portuguese Grand Prix Ayrton Senna
30%
2008 British Grand Prix Heikki Kovalainen
30%
1996 Australian Grand Prix Jacques Villeneuve
30%
1993 French Grand Prix Damon Hill
25%
2004 San Marino Grand Prix Jenson Button
25%
1951 British Grand Prix José Froilán González
25%
1997 Luxembourg Grand Prix Mika Häkkinen
25%
2005 European Grand Prix Nick Heidfeld
25%
1974 South African Grand Prix Niki Lauda
25%
1981 German Grand Prix Alain Prost
20%
1995 Argentine Grand Prix David Coulthard
20%
1997 Monaco Grand Prix Heinz-Harald Frentzen
20%
1976 Brazilian Grand Prix James Hunt
20%
1962 Monaco Grand Prix Jim Clark
20%
1968 French Grand Prix Jochen Rindt
20%
1979 British Grand Prix Alan Jones
15%
1972 Monaco Grand Prix Emerson Fittipaldi
15%
1998 Austrian Grand Prix Giancarlo Fisichella
15%
1962 Belgian Grand Prix Graham Hill
15%
1959 British Grand Prix Jack Brabham
15%
1969 Monaco Grand Prix Jackie Stewart
15%
1960 Italian Grand Prix Phil Hill
15%
1994 Belgian Grand Prix Rubens Barrichello
15%
1955 British Grand Prix Stirling Moss
15%
1973 South African Grand Prix Denny Hulme
10%
1955 Belgian Grand Prix Eugenio Castellotti
10%
1987 Portuguese Grand Prix Gerhard Berger
10%
1968 German Grand Prix Jacky Ickx
10%
1994 Italian Grand Prix Jean Alesi
10%
1976 Swedish Grand Prix Jody Scheckter
10%
1960 Portuguese Grand Prix John Surtees
10%
1982 British Grand Prix Keke Rosberg
10%
1968 United States Grand Prix Mario Andretti
10%
1958 Belgian Grand Prix Mike Hawthorn
10%
1980 United States Grand Prix West
Nelson Piquet
10%
1984 Dallas Grand Prix Nigel Mansell
10%
1979 Austrian Grand Prix René Arnoux
10%
1982 United States Grand Prix West Andrea de Cesaris
5%
1980 United States Grand Prix Bruno Giacomelli
5%
1972 Argentine Grand Prix Carlos Reutemann
5%
1968 Spanish Grand Prix Chris Amon
5%
1970 Mexican Grand Prix Clay Regazzoni
5%
1962 German Grand Prix Dan Gurney
5%
1980 Monaco Grand Prix Didier Pironi
5%
1983 European Grand Prix Elio de Angelis
5%
1979 United States Grand Prix West Gilles Villeneuve
5%
1976 Italian Grand Prix Jacques Laffite
5%
1979 South African Grand Prix Jean-Pierre Jabouille
5%
1975 Argentine Grand Prix Jean-Pierre Jarier
5%
1959 Dutch Grand Prix Jo Bonnier
5%
1977 Monaco Grand Prix John Watson
5%
1975 South African Grand Prix José Carlos Pace
5%
1968 Mexican Grand Prix Jo Siffert
5%
1966 French Grand Prix Lorenzo Bandini
5%
1984 Belgian Grand Prix Michele Alboreto
5%
1966 Italian Grand Prix Mike Parkes
5%
1974 Swedish Grand Prix Patrick Depailler
5%
1983 United States Grand Prix West Patrick Tambay
5%
1972 Canadian Grand Prix Peter Revson
5%
1981 United States Grand Prix West Riccardo Patrese
5%
1973 Brazilian Grand Prix Ronnie Peterson
5%
1957 Italian Grand Prix Stuart Lewis-Evans
5%
1985 German Grand Prix Teo Fabi
5%
1990 Hungarian Grand Prix Thierry Boutsen
5%
1975 British Grand Prix Tom Pryce
5%
1958 Monaco Grand Prix Tony Brooks
5%
1961 Italian Grand Prix Wolfgang von Trips
5%
1975 Swedish Grand Prix Vittorio Brambilla
0%
No matching quizzes found
Score Distribution
Percent of People with Each Score
Percentile by Number Answered
Your Score History
You have not taken this quiz